[Event "Wch U12"]
[Site "?"]
[Date "1999.11.01"]
[Round "?"]
[White "Wang, Yue"]
[Black "Stellwagen, Daniel R"]
[WhiteElo "2344"]
[BlackElo "2254"]
[Result "1/2-1/2"]

1. d4 Nf6 2. Nf3 g6 3. g3 Bg7 4. Bg2 O-O 5. O-O d6 6. c4 c5 7. Nc3 Nc6 8. dxc5 dxc5 9. Be3 Be6 10. Qa4 Qa5 11. Nd2 Qb4 12. Qb5 Nd7 13. a3 Qxb5 14. cxb5 Na5 15. Rac1 Rac8 16. b4 cxb4 17. axb4 Bxc3 18. bxa5 Bxa5 19. Bxb7 Rxc1 20. Rxc1 Bb6 21. Nf3 Bg4 22. Kg2 Bxe3 23. fxe3 Bxf3+ 24. exf3 Rb8 25. Rc7 Nc5 26. Ba6 Nxa6 27. bxa6 Rb2+ 28. Kh3 Rb3 29. Rxe7 Ra3 30. Rxa7 Rxe3 31. Kg4 Ra3 32. Kf4 Kg7 33. Ra8 h5 34. g4 hxg4 35. fxg4 Ra4+ 36. Kg3 Ra3+ 37. Kg2 Ra2+ 38. Kh3 Ra3+ 39. Kg2 Ra2+ 40. Kg3 Ra3+ 41. Kf4 Ra4+ 42. Kg5 Ra2 43. h3 Ra3 44. a7 Ra5+ 45. Kf4 Ra1 46. h4 Rf1+ 47. Kg3 Rg1+ 48. Kf2 Ra1 49. h5 gxh5 50. gxh5 Kh7 51. Kf3 Rf1+ 52. Ke4 Re1+ 53. Kf5 Rf1+ 54. Ke5 Re1+ 55. Kf6 Rf1+ 56. Ke7 Re1+ 

1/2-1/2

[Event "Chinese Championship Men"]
[Site "?"]
[Date "2001.03.27"]
[Round "?"]
[White "Wang, Yue"]
[Black "Zhang, Zhong"]
[WhiteElo "2439"]
[BlackElo "2607"]
[Result "0-1"]

1. Nf3 Nf6 2. d4 e6 3. g3 d5 4. Bg2 Be7 5. O-O O-O 6. b3 a5 7. a3 Nbd7 8. Bb2 b6 9. Nbd2 Bb7 10. c4 c5 11. a4 Rc8 12. Rc1 Rc7 13. Ne5 Qa8 14. cxd5 Nxe5 15. dxe5 Nxd5 16. Nc4 Rd8 17. Qc2 Nb4 18. Bxb7 Qxb7 19. Qb1 Rcd7 20. h4 Nc6 21. Qa1 Rd5 22. Bc3 Nd4 23. Bxd4 Rxd4 24. Rfd1 R4d5 25. Ne3 Rd4 26. Nc4 f5 27. Qb1 f4 28. Rxd4 Rxd4 29. Rd1 fxg3 30. fxg3 Rg4 31. Qd3 h5 32. Kf2 Bxh4 33. Rg1 Qf7+ 34. Ke1 Qf4 

0-1

[Event "Chinese Championship Men"]
[Site "?"]
[Date "2001.04.04"]
[Round "?"]
[White "Zhang, Weida"]
[Black "Wang, Yue"]
[WhiteElo "2484"]
[BlackElo "2439"]
[Result "1/2-1/2"]

1. c4 e6 2. Nc3 f5 3. d4 Nf6 4. g3 d5 5. Bg2 c6 6. Nf3 Be7 7. O-O O-O 8. Ne5 Nbd7 9. cxd5 exd5 10. Bf4 Nxe5 11. Bxe5 Bd6 12. f4 Ne4 13. Nxe4 fxe4 14. e3 Be6 15. Qd2 Bxe5 16. fxe5 Qe7 17. b4 Rxf1+ 18. Rxf1 Rf8 

1/2-1/2

[Event "Tan Lian Ann cup"]
[Site "?"]
[Date "2001.07.01"]
[Round "?"]
[White "Wang, Yue"]
[Black "Altanoch, Genden"]
[WhiteElo "2466"]
[BlackElo "2295"]
[Result "1/2-1/2"]

1. d4 d5 2. Nf3 Nf6 3. Bg5 e6 4. e3 Be7 5. Bd3 h6 6. Bh4 Nbd7 7. c3 c5 8. Nbd2 c4 9. Bc2 b5 10. Ne5 Nxe5 11. dxe5 Nd7 12. Bxe7 Qxe7 13. f4 O-O 14. Nf3 Bb7 15. O-O a6 16. Nd4 f6 17. Qh5 Nc5 18. Qg6 Ne4 19. Bxe4 dxe4 20. f5 fxe5 21. Qxe6+ Qxe6 22. Nxe6 Rf7 23. Rad1 Re8 24. Nd8 Rc7 25. f6 gxf6 26. Rxf6 Bc8 27. Rxh6 Bd7 28. Rg6+ Kh7 29. Rgd6 Rxd8 30. g4 Kg7 31. g5 Kf7 32. R1d5 a5 33. Rf6+ Kg7 34. Rfd6 Kf7 35. Rf6+ Kg7 36. Rfd6 Kf7 

1/2-1/2

[Event "WYB14"]
[Site "?"]
[Date "2001.10.28"]
[Round "?"]
[White "Wang, Yue"]
[Black "Megararanto, S"]
[WhiteElo "2466"]
[BlackElo "2234"]
[Result "0-1"]

1. d4 d5 2. Nf3 Nf6 3. g3 Bf5 4. Bg2 e6 5. O-O c6 6. c4 Nbd7 7. Nbd2 Be7 8. b3 O-O 9. Bb2 h6 10. Ne5 Nxe5 11. dxe5 Nd7 12. cxd5 exd5 13. e4 dxe4 14. Nxe4 Nc5 15. Nd6 Bxd6 16. Qxd6 Nd3 17. Qxd8 Rfxd8 18. Bc3 a5 19. Rfd1 a4 20. Bf1 Nc5 21. b4 Ne4 22. Be1 Ng5 23. f4 Nf3+ 24. Kf2 Nxh2 25. Bc4 Ng4+ 26. Kf3 h5 27. Rxd8+ Rxd8 28. Be2 b5 

0-1

[Event "WYB14"]
[Site "?"]
[Date "2001.11.02"]
[Round "?"]
[White "Gerzhoy, Leonid"]
[Black "Wang, Yue"]
[WhiteElo "2332"]
[BlackElo "2466"]
[Result "0-1"]

1. Nf3 c5 2. c4 Nc6 3. Nc3 g6 4. e3 Nf6 5. d4 cxd4 6. exd4 d5 7. Bg5 Be6 8. Bxf6 exf6 9. c5 Bg7 10. Bb5 O-O 11. O-O Bg4 12. Bxc6 bxc6 13. h3 Bxf3 14. Qxf3 f5 15. Rfd1 Rb8 16. Rab1 Qa5 17. a3 Rb3 18. Qe2 Rfb8 19. Na2 Qa4 20. Nc3 Qc4 21. Qxc4 dxc4 22. Rbc1 Rxb2 23. d5 Bxc3 24. Rxc3 Rb1 25. Rcc1 Rxc1 26. Rxc1 cxd5 27. c6 Kf8 28. c7 Rc8 29. Rd1 Rxc7 

0-1

[Event "WY ol"]
[Site "?"]
[Date "2002.08.27"]
[Round "?"]
[White "Rendle, T"]
[Black "Wang, Yue"]
[WhiteElo "2241"]
[BlackElo "2455"]
[Result "0-1"]

1. e4 c5 2. Nf3 d6 3. c3 Nf6 4. Be2 g6 5. O-O Bg7 6. Bb5+ Bd7 7. Bxd7+ Nfxd7 8. d4 O-O 9. Re1 Nc6 10. d5 Nce5 11. Nxe5 Nxe5 12. Qe2 c4 13. a4 a6 14. a5 e6 15. Rd1 Qh4 16. Ra4 Rae8 17. g3 Qh3 18. Bf4 exd5 19. Rxd5 Qd7 20. Rb4 Nd3 21. Rxc4 Nxf4 22. gxf4 f5 23. e5 Qe6 24. Qd3 dxe5 25. Rd6 e4 26. Qd5 Qxd5 27. Rxd5 Rf7 28. Kg2 Bh6 29. Kg3 e3 30. fxe3 Rxe3+ 31. Kf2 Re4 32. Rdd4 Bxf4 33. Rxe4 fxe4 34. h3 Bg5+ 35. Ke2 e3 36. h4 Rf2+ 37. Ke1 Bf6 38. Rb4 Rh2 

0-1

[Event "WYb16"]
[Site "?"]
[Date "2002.11.22"]
[Round "?"]
[White "Wang, Yue"]
[Black "Pakleza, Zbigniew"]
[WhiteElo "2495"]
[BlackElo "2382"]
[Result "1/2-1/2"]

1. d4 d6 2. c4 e5 3. Nc3 exd4 4. Qxd4 Nc6 5. Qd2 g6 6. b3 Bg7 7. Bb2 Nf6 8. g3 O-O 9. Bg2 Re8 10. Nf3 Rb8 11. O-O Bf5 12. Nd5 Be4 13. Rad1 Nxd5 14. Bxg7 Kxg7 15. cxd5 Bxf3 16. exf3 Ne5 17. f4 Nd7 18. Qd4+ Qf6 19. Qxa7 Ra8 20. Qxb7 Nc5 21. Qb5 Qb2 22. Qc4 Rxa2 23. b4 Re2 24. Rb1 Qd2 25. Rbd1 Qb2 26. Rb1 

1/2-1/2

[Event "WYb16"]
[Site "?"]
[Date "2002.11.23"]
[Round "?"]
[White "Gerzhoy, Leonid"]
[Black "Wang, Yue"]
[WhiteElo "2389"]
[BlackElo "2495"]
[Result "1/2-1/2"]

1. d4 e6 2. c4 f5 3. Nf3 Nf6 4. g3 d5 5. Bg2 c6 6. O-O Bd6 7. b3 Qe7 8. a4 O-O 9. Ba3 Bxa3 10. Nxa3 Bd7 11. Nc2 Be8 12. Nce1 Bh5 13. Nd3 Nbd7 14. Qc2 h6 15. Nfe5 Nxe5 16. Nxe5 Nd7 17. Nxd7 Qxd7 18. e3 Qe7 19. f4 Qb4 20. Rfc1 a5 21. Qc3 Qe7 22. c5 g5 23. Rcb1 Ra7 24. Rb2 Rfa8 25. Rab1 Qe8 26. b4 axb4 27. Rxb4 Rxa4 28. Rxb7 Qd8 29. Qd2 Ra2 30. R7b2 Rxb2 31. Qxb2 Qc7 32. Qb6 Qd7 33. Qb7 Qxb7 34. Rxb7 Ra3 35. Kf2 Ra2+ 36. Kf1 Ra1+ 37. Kf2 Ra2+ 38. Kf1 Ra1+ 

1/2-1/2

[Event "XXVIII"]
[Site "?"]
[Date "2003.01.12"]
[Round "?"]
[White "Wang, Yue"]
[Black "Rodriguez Lopez, R"]
[WhiteElo "2492"]
[BlackElo "2263"]
[Result "1-0"]

1. d4 e6 2. c4 Nf6 3. Nf3 d5 4. Nc3 dxc4 5. e3 c5 6. Bxc4 a6 7. Bb3 cxd4 8. exd4 Nc6 9. O-O Be7 10. Bg5 O-O 11. Qd2 Na5 12. Bc2 b5 13. Qf4 Ra7 14. Rad1 Rc7 15. Rfe1 Bb7 16. d5 exd5 17. Rxe7 

1-0

[Event "5th ch-Asian"]
[Site "?"]
[Date "2005.10.09"]
[Round "?"]
[White "Wang, Yue"]
[Black "Abdulla, Alrefaee"]
[WhiteElo "2585"]
[BlackElo "2466"]
[Result "1-0"]

1. Nf3 d5 2. d4 Nf6 3. c4 c6 4. e3 Bg4 5. h3 Bh5 6. cxd5 Bxf3 7. Qxf3 cxd5 8. Nc3 Nc6 9. Bd3 a6 10. Qe2 Rc8 11. O-O e6 12. Bd2 Be7 13. Rac1 O-O 14. f4 Na5 15. f5 Nc4 16. Be1 b5 17. fxe6 fxe6 18. a4 Qd7 19. axb5 axb5 20. Bh4 b4 21. Bxf6 Bxf6 22. Ne4 Nd6 23. Rxc8 Nxc8 24. Nc5 Qe7 25. Qh5 g6 26. Qg4 

1-0

[Event "5th ch-Asian"]
[Site "?"]
[Date "2005.10.12"]
[Round "?"]
[White "Wang, Yue"]
[Black "Filippov, An Uzb"]
[WhiteElo "2585"]
[BlackElo "2478"]
[Result "1-0"]

1. d4 d6 2. c4 e5 3. Nc3 Nd7 4. Nf3 Ngf6 5. g3 c6 6. d5 Be7 7. Bg2 O-O 8. O-O cxd5 9. cxd5 a6 10. a4 a5 11. Nd2 Nc5 12. Nc4 Bf5 13. Be3 Rc8 14. Rc1 Re8 15. Nb5 h6 16. Na7 Ra8 17. Bxc5 dxc5 18. Nb5 Qb8 19. Qd2 Rd8 20. Rfd1 e4 21. d6 Bf8 22. Qe3 Ra6 23. Qxc5 Be6 24. Qc7 Bd7 25. Ne5 Bxb5 26. Qxf7+ Kh7 27. Bh3 

1-0

[Event "4th Marx Gyoergy Memorial"]
[Site "?"]
[Date "2006.07.30"]
[Round "?"]
[White "Acs, P"]
[Black "Wang, Yue"]
[WhiteElo "2520"]
[BlackElo "2626"]
[Result "0-1"]

1. d4 d5 2. c4 c6 3. Nc3 Nf6 4. e3 a6 5. Nf3 b5 6. b3 Bg4 7. Be2 e6 8. O-O Nbd7 9. h3 Bh5 10. Bb2 Qb8 11. Ne5 Bxe2 12. Nxe2 bxc4 13. Qc2 Bd6 14. bxc4 Nxe5 15. dxe5 Bxe5 16. Bxe5 Qxe5 17. cxd5 cxd5 18. Qa4+ Ke7 19. Nd4 Qd6 20. Nc6+ Kf8 21. Rac1 g6 22. Qd4 Kg7 23. Rc3 Rhc8 24. Rfc1 Rc7 25. Ne5 Rxc3 26. Rxc3 Qe7 27. Nc6 Qb7 28. Ne5 Qa7 29. Qf4 Rf8 30. Rc6 a5 31. Nf3 Qb8 32. Qxb8 Rxb8 33. Rc7 Ne8 34. Ra7 Rb1+ 35. Kh2 Rb2 36. Ng5 Rxf2 37. Kg3 Rf6 38. Rxa5 Nd6 39. Nf3 Nc4 40. Ra6 Nxe3 41. a4 Nf1+ 42. Kf2 Nd2 

0-1

[Event "15th Asiad Men's Rapid"]
[Site "?"]
[Date "2006.12.04"]
[Round "?"]
[White "Wang, Yue"]
[Black "Barsov, Alexei"]
[WhiteElo "2644"]
[BlackElo "2537"]
[Result "1-0"]

1. d4 d5 2. c4 e6 3. Nc3 Bb4 4. Nf3 Ne7 5. e3 c5 6. Bd2 cxd4 7. Nxd4 Nbc6 8. a3 Bd6 9. Nf3 a6 10. Qc2 O-O 11. Bd3 h6 12. O-O Bd7 13. cxd5 exd5 14. Ne2 Rc8 15. Bc3 Bg4 16. Ned4 Bb8 17. h3 Nxd4 18. Nxd4 Qd6 19. f4 Bd7 20. Qf2 Ba7 21. Rac1 Rfe8 22. Qg3 f6 23. Kh1 Bxd4 24. Bxd4 Bf5 25. Be2 Be4 26. Bg4 Nf5 27. Bxf5 Bxf5 28. Kh2 Qe6 29. Qf3 Qe4 30. Qf2 Rxc1 31. Rxc1 Rc8 32. Bc3 Re8 33. Bd4 Rc8 34. Bc3 Re8 35. Re1 Qc2 36. Qf3 Qe4 37. Qg3 Kh7 38. Qf2 Qc2 39. Qf3 Qe4 40. Qh5 Bg6 41. Qd1 Qd3 42. Qf3 Qe4 43. Qf2 Qc2 44. Re2 Qd3 45. Bd4 Rc8 46. Bc3 Re8 47. Bd4 Rc8 48. Bc3 Re8 49. Bd4 Rc8 50. Bc3 Re8 51. Re1 Qc2 52. Qf3 Qe4 53. Qg3 Bf5 54. Qf2 Qc2 55. Re2 Qd3 56. Re1 Qc2 57. Qxc2 Bxc2 58. g4 h5 59. Kg3 hxg4 60. hxg4 Kg8 61. Bd4 Rc8 62. Rc1 Bf5 63. Bc3 Be4 64. a4 Kf7 65. a5 Rc4 66. Rd1 Ra4 67. Kh4 Rc4 68. Kg3 Ra4 69. Rc1 Rc4 70. Ra1 Bc2 71. Rh1 Kg8 72. Kf2 Be4 73. Ra1 Bc2 74. g5 Kf7 75. gxf6 gxf6 76. Rh1 Kg7 77. Ke2 Rc8 78. Kd2 Be4 79. Ra1 Rh8 80. Bd4 Rh2+ 81. Kc3 Rc2+ 82. Kb3 Rc4 83. Bc3 Rc5 84. Re1 Kf7 85. Re2 Bd3 86. Rd2 Be4 87. Rh2 Kg7 88. Rd2 Kf7 89. Rd1 Kg7 90. Rg1+ Kf7 91. Rc1 Bd3 92. Rh1 Kg7 93. Rh2 Be4 94. Rd2 Kf7 95. Rd1 Kg7 96. Ra1 Kf7 97. Rg1 Bd3 98. Ka3 Be4 99. Rc1 Bd3 100. Rd1 Be4 101. Rd4 Rc4 102. Rd2 Rc5 103. Kb3 Kg6 104. Rd1 Kf7 105. Rc1 Kg6 106. Ka3 Kf7 107. Rd1 Kg6 108. Rd2 Kf7 109. Rd1 Kg6 110. Rc1 Kf7 111. b3 Kg6 112. Kb2 Kf7 113. Rg1 Rc6 114. Rd1 Rc5 115. Rg1 Rc6 116. Ra1 Rc5 117. Ra4 Ke6 118. Rb4 Rb5 119. Ra4 Rc5 120. Bd4 Rc2+ 121. Ka3 Bd3 122. Kb4 Bb5 123. Ra1 Rc8 124. Rh1 Kf5 125. Rh7 Bd3 

1-0

[Event "Aeroflot Open"]
[Site "?"]
[Date "2007.02.18"]
[Round "?"]
[White "Wang, Yue"]
[Black "Kurnosov, Igor"]
[WhiteElo "2644"]
[BlackElo "2580"]
[Result "1-0"]

1. d4 Nf6 2. c4 g6 3. Nc3 d5 4. cxd5 Nxd5 5. Bd2 Bg7 6. e4 Nb6 7. Be3 O-O 8. Bb5 a6 9. Be2 f5 10. Qb3+ Kh8 11. Nf3 f4 12. Bd2 Nc6 13. d5 Nd4 14. Nxd4 Bxd4 15. Bf3 Qd6 16. Ne2 Be5 17. Nc1 g5 18. Nd3 Bg7 19. h3 Bd7 20. Bc3 Qh6 21. Nc5 Rae8 22. O-O-O Bxc3 23. Qxc3+ Qf6 24. e5 Qg7 25. Bg4 Bf5 26. Rhe1 Kg8 27. Qb3 Kh8 28. Bxf5 Rxf5 29. Ne6 Qg6 30. Nxc7 Rc8 31. d6 exd6 32. Qxb6 Rf7 33. exd6 Rfxc7+ 34. Qxc7 Rxc7+ 35. dxc7 Qc6+ 36. Kb1 Qxc7 37. Rd5 h6 38. Red1 Qc4 39. Rd7 Qe4+ 40. Ka1 Qe2 41. Rc1 Qe8 42. Rxb7 a5 43. Rbc7 Qb5 44. Ra7 Qf5 45. f3 Kg8 46. a3 

1-0

[Event "4th RUS-CHN Match"]
[Site "?"]
[Date "2007.08.22"]
[Round "?"]
[White "Wang, Yue"]
[Black "Inarkiev, Ernesto"]
[WhiteElo "2696"]
[BlackElo "2663"]
[Result "1/2-1/2"]

1. d4 Nf6 2. c4 g6 3. Nc3 Bg7 4. Nf3 O-O 5. g3 d6 6. Bg2 Nc6 7. O-O Rb8 8. Qd3 e5 9. d5 Nb4 10. Qd1 a5 11. e4 Bd7 12. Ne1 Qe8 13. a3 Na6 14. Nd3 b5 15. cxb5 Bxb5 16. Nxb5 Qxb5 17. Re1 c6 18. dxc6 Rfc8 19. b4 axb4 20. Nxb4 Nxb4 21. axb4 Rxc6 22. Bd2 Qb7 23. Ra5 Bf8 24. Qa4 Rc4 25. Ra7 Qc8 26. Qb3 d5 27. Qf3 Rb6 28. exd5 e4 29. Qf4 Qe8 30. Rea1 Nxd5 31. Qg5 Rd4 32. Ra8 Rb8 33. Rxb8 Qxb8 34. Be1 Qd6 35. Qc1 Nxb4 36. Bxb4 Rxb4 37. Qc2 Qb6 38. Kh1 h5 39. Re1 f5 40. f3 e3 41. f4 Kh7 42. h4 Bg7 43. Qc6 Qa7 44. Qe6 Bd4 45. Re2 Rb6 46. Qc4 Rd6 47. Kh2 Qe7 48. Bf3 Bb6 49. Qb3 Qc7 50. Qa2 Ba5 51. Rc2 Rd2+ 52. Rxd2 exd2 53. Qd5 Bc3 54. Kg2 Qe7 55. Qd3 Qc5 56. Qd7+ Kh6 57. Qd3 Ba5 58. Qe2 Qc3 59. Kh3 Bb4 60. Kg2 Bc5 61. Kh3 Qd4 62. Qe8 Kg7 63. Qe2 Kh7 64. Qf1 Bb4 65. Kg2 Kg7 66. Qe2 Kf8 67. Kh2 Bc5 68. Kh3 Kf7 69. Qf1 Qf2 70. Qd1 Ke7 71. Bg2 Qe1 72. Bf3 Kd8 73. Qe2 Bf2 74. Qd3+ Ke7 75. Qa3+ Kf7 76. Qb3+ Kf8 77. Qb4+ Kg7 78. Qc3+ Kh7 79. Qc7+ Kh6 80. Qc3 Kh7 81. Qc7+ Kh6 

1/2-1/2

[Event "6th Gibtelecom Masters"]
[Site "?"]
[Date "2008.01.28"]
[Round "?"]
[White "Wang, Yue"]
[Black "Berg, E"]
[WhiteElo "2698"]
[BlackElo "2583"]
[Result "1-0"]

1. d4 Nf6 2. c4 e6 3. Nf3 c5 4. Nc3 cxd4 5. Nxd4 Bb4 6. g3 Ne4 7. Qd3 Qa5 8. Nb3 Nxc3 9. Nxa5 Ne4+ 10. Bd2 Bxd2+ 11. Qxd2 Nxd2 12. Kxd2 Nc6 13. Nb3 b6 14. Bg2 Ba6 15. Rhc1 Rc8 16. c5 Ke7 17. Rc3 Ne5 18. Rac1 d5 19. cxd6+ Kxd6 20. Nd4 Rc4 21. f4 Rxd4+ 22. Ke3 Ra4 23. Rd1+ Nd3 24. a3 Ra5 25. b4 Rh5 26. h4 e5 27. f5 Rxf5 28. a4 e4 29. b5 Bb7 30. exd3 Rd5 31. Bxe4 Re5 32. Kf4 Rc8 33. Rc4 Rb8 34. Rdc1 Bxe4 35. dxe4 Rc5 36. e5+ Kd5 37. Rxc5+ bxc5 38. Rd1+ Ke6 39. Rd6+ Ke7 40. Ke4 Rc8 41. Ra6 Rc7 42. Kd3 c4+ 43. Kc3 Kd7 44. Rd6+ Kc8 45. Rd4 Kb7 46. Rxc4 Re7 47. Kd4 Rd7+ 48. Ke4 Rd1 49. Kf5 h5 50. Re4 Rd3 51. Kf4 Ra3 52. Rc4 Kb8 53. g4 hxg4 54. Kxg4 Kb7 55. Kf5 Ra1 56. Rg4 Rf1+ 57. Ke4 Kb6 58. Rxg7 Ra1 59. Rg4 Rxa4+ 60. Kf5 Ra1 61. h5 Rh1 62. Kg5 Re1 63. Kf6 Rf1+ 64. Kg7 Rf5 65. h6 Rxe5 66. h7 Rh5 67. Ra4 f5 68. Ra6+ Kxb5 69. Rh6 

1-0

[Event "1st WMSG Rapid Indian"]
[Site "?"]
[Date "2008.10.06"]
[Round "?"]
[White "Wang, Yue"]
[Black "Balogh, C"]
[WhiteElo "2736"]
[BlackElo "2616"]
[Result "1-0"]

1. d4 d5 2. c4 c6 3. Nf3 Nf6 4. e3 Bg4 5. Qb3 Qb6 6. Nc3 e6 7. Nh4 Be7 8. h3 Bh5 9. g4 Bg6 10. Nxg6 hxg6 11. Bg2 Nbd7 12. g5 Ng8 13. e4 Qxb3 14. axb3 dxc4 15. bxc4 e5 16. d5 Bb4 17. Ke2 Ne7 18. Be3 O-O 19. h4 Bc5 20. Bh3 Bxe3 21. fxe3 Rfd8 22. d6 Nc8 23. Bxd7 Rxd7 24. c5 b6 25. b4 a5 26. Rhb1 Kh7 27. Na4 axb4 28. Nxb6 Nxb6 29. Rxa8 Nxa8 30. Rxb4 Ra7 31. Rb8 Nc7 32. dxc7 Rxc7 33. Rf8 Ra7 34. Rc8 Ra6 35. Rc7 Kg8 36. Rc8+ Kh7 37. Kf3 f6 38. Rc7 fxg5 39. hxg5 Ra8 40. Ke2 Rc8 41. Rd7 Rd8 42. Rd6 Rc8 43. Kd3 Rc7 44. Kc4 Rc8 45. Re6 Rc7 46. Rxe5 Rc8 47. Re6 Rc7 48. e5 Rc8 49. Rd6 Rc7 50. e6 Rc8 51. e4 Rc7 52. Kd4 Rc8 53. Ke5 Rc7 54. Rd1 

1-0

[Event "1st WMSG Rapid Indian"]
[Site "?"]
[Date "2008.10.07"]
[Round "?"]
[White "Wang, Yue"]
[Black "Nguyen, Ngoc Truong Son"]
[WhiteElo "2736"]
[BlackElo "2567"]
[Result "0-1"]

1. d4 Nf6 2. c4 c6 3. Nf3 d5 4. e3 Bf5 5. Nc3 e6 6. Nh4 Bg6 7. Be2 Nbd7 8. O-O Be7 9. g3 O-O 10. Nxg6 hxg6 11. b3 a6 12. Bb2 Rc8 13. a3 b5 14. c5 Re8 15. b4 Qc7 16. a4 e5 17. Bf3 Nf8 18. Bg2 N6d7 19. axb5 axb5 20. Bxd5 cxd5 21. Nxd5 Qb7 22. Nxe7+ Rxe7 23. d5 Nf6 24. e4 Nxe4 25. Re1 Nxc5 26. bxc5 Rxc5 27. d6 Re6 28. Ba3 Rc4 29. Qb3 Nh7 30. h4 Nf6 31. Rab1 Rd4 32. Qxb5 Qf3 33. Re3 Qf5 34. Rbe1 Rd5 35. Qb8+ Kh7 36. Qb7 Qh3 37. g4 Qxg4+ 38. Rg3 Qf5 39. Qxf7 Rd4 40. h5 Nxh5 41. Qxf5 gxf5 42. Rg5 g6 43. Rg2 Rd3 44. Bc5 Nf6 45. Rh2+ Kg7 46. Rb1 Ne4 47. Rb7+ Kf6 48. Bb6 Rdxd6 49. Rhh7 Rxb6 

0-1

[Event "24th ECC"]
[Site "?"]
[Date "2008.10.23"]
[Round "?"]
[White "Tregubov, Pavel V"]
[Black "Wang, Yue"]
[WhiteElo "2646"]
[BlackElo "2736"]
[Result "0-1"]

1. d4 d5 2. c4 c6 3. Nf3 Nf6 4. e3 Bf5 5. Nc3 e6 6. Nh4 Bg6 7. Nxg6 hxg6 8. g3 Nbd7 9. Bd2 Bb4 10. Qb3 Bxc3 11. Bxc3 Ne4 12. Bg2 Nxc3 13. Qxc3 f5 14. O-O-O Nb6 15. b3 Qe7 16. Kb1 a5 17. c5 Nd7 18. f3 Kf7 19. e4 Rhb8 20. Rhe1 b6 21. exd5 cxd5 22. f4 Nf6 23. Rc1 Rc8 24. Re2 Rc6 25. a3 Qa7 26. Qe3 Rac8 27. Rec2 bxc5 28. Rxc5 Rxc5 29. Rxc5 Rxc5 30. dxc5 Nd7 31. b4 axb4 32. axb4 Qa4 33. Qd4 Qb3+ 34. Qb2 Qd3+ 35. Ka2 Nb8 36. Qb3 Na6 37. Bf3 Qd4 38. Ka3 Qa1+ 39. Qa2 Qxa2+ 40. Kxa2 Nxb4+ 41. Kb3 Na6 42. c6 Ke7 43. Ka4 Kd6 44. Kb5 Nb8 45. c7 Kxc7 46. Kc5 Nd7+ 47. Kd4 Kd6 48. Be2 Nf6 49. Bb5 Ke7 

0-1

[Event "RUS-CHN Match Rapid"]
[Site "?"]
[Date "2009.08.22"]
[Round "?"]
[White "Wang, Yue"]
[Black "Timofeev, Artyom"]
[WhiteElo "2736"]
[BlackElo "2681"]
[Result "1/2-1/2"]

1. d4 d5 2. Nf3 e6 3. c4 Nf6 4. g3 dxc4 5. Bg2 a6 6. Ne5 Be7 7. O-O O-O 8. Nxc4 Nc6 9. e3 Nd5 10. Nc3 b5 11. Nd2 Bb7 12. Nxd5 exd5 13. Nb3 a5 14. Bd2 a4 15. Nc1 Nb4 16. Bxb4 Bxb4 17. Nd3 Bd6 18. Rc1 c6 19. Nc5 Qe7 20. Qd3 Rad8 21. Nxb7 Qxb7 22. Rc2 Be7 23. Rfc1 Rd6 24. e4 Bg5 25. exd5 cxd5 26. Rc7 Qb6 27. R1c5 Bf6 28. Bf3 b4 29. b3 axb3 30. axb3 g6 31. h4 h5 32. Kg2 Kg7 33. Qe3 Re6 34. Qd2 Be7 35. Rc2 Rd8 36. Qf4 Rf6 37. Qe3 Re6 38. Qf4 Rf6 39. Qe3 Re6 40. Qd2 Bf6 41. R7c5 Red6 42. Ra2 R6d7 43. Ra4 Be7 44. Rc2 Rc7 45. Rxc7 Qxc7 46. Ra6 Qc8 47. Ra7 Rd7 48. Qa2 Bf6 

1/2-1/2

[Event "3rd Asian Indoor Team Rapid Prelim"]
[Site "?"]
[Date "2009.11.05"]
[Round "?"]
[White "Wang, Yue"]
[Black "Ghaem Maghami, Ehsan"]
[WhiteElo "2734"]
[BlackElo "2603"]
[Result "1/2-1/2"]

1. d4 Nf6 2. c4 e6 3. Nf3 c5 4. d5 b5 5. Bg5 exd5 6. cxd5 d6 7. Nbd2 Be7 8. e4 a6 9. a4 Nxd5 10. Bxe7 Qxe7 11. axb5 O-O 12. Bc4 Nb4 13. O-O Bb7 14. Re1 Nd7 15. bxa6 Nxa6 16. Bd5 Nf6 17. Bxb7 Qxb7 18. Nc4 d5 19. exd5 Qxd5 20. Nb6 Qxd1 21. Rexd1 Rad8 22. Ne5 Rxd1+ 23. Rxd1 Re8 24. f4 h6 25. Nbc4 

1/2-1/2

[Event "6th Chinese Championship"]
[Site "?"]
[Date "2010.04.17"]
[Round "?"]
[White "Wang, Yue"]
[Black "Xiu, Deshun"]
[WhiteElo "2749"]
[BlackElo "2493"]
[Result "1-0"]

1. d4 Nf6 2. c4 e6 3. g3 d5 4. Nf3 dxc4 5. Bg2 c5 6. O-O Nc6 7. Ne5 Bd7 8. Na3 cxd4 9. Naxc4 Bc5 10. Qb3 O-O 11. Bg5 Nxe5 12. Nxe5 h6 13. Bf4 Qe7 14. Qxb7 Rac8 15. Rac1 g5 16. Nxd7 Nxd7 17. b4 gxf4 18. bxc5 Rfe8 19. c6 Nf6 20. Qxe7 Rxe7 21. gxf4 Nd5 22. Bxd5 exd5 23. Rc2 Rec7 24. Rfc1 Kf8 25. Rc5 Rd8 26. Kg2 Ke7 27. Rd1 Kd6 28. Ra5 Re8 29. Kf3 Re4 

1-0

[Event "7th CHN-RUS Rapid"]
[Site "?"]
[Date "2010.08.14"]
[Round "?"]
[White "Wang, Yue"]
[Black "Timofeev, Artyom"]
[WhiteElo "2716"]
[BlackElo "2690"]
[Result "1/2-1/2"]

1. d4 d5 2. Nf3 e6 3. g3 Nf6 4. Bg2 b5 5. O-O Nbd7 6. a4 b4 7. c4 bxc3 8. Nxc3 Be7 9. Bf4 a6 10. Ne5 Nxe5 11. dxe5 Nd7 12. e4 c6 13. exd5 cxd5 14. h4 O-O 15. Ne2 a5 16. Nd4 Qb6 17. Be3 Nxe5 18. Rc1 Qb4 19. Bf4 Bf6 20. Re1 Nd3 21. Nc2 Qb3 22. Re3 Nxc1 23. Rxb3 Nxb3 24. Ne3 Nd4 25. Ng4 e5 26. Nxe5 Ne6 27. Qxd5 Ra6 28. Be3 Rd8 29. Qe4 Rad6 30. Kh2 Nd4 31. Ng4 Bxg4 32. Qxg4 g6 33. Bg5 h5 34. Qf4 Bxg5 35. Qxg5 Nf5 36. Be4 Re8 37. Bxf5 Rd5 38. Kg2 Rxf5 39. Qd2 Rb8 40. Qc3 Rd5 41. b3 Rb4 

1/2-1/2

[Event "Chinese Championship"]
[Site "?"]
[Date "2010.11.04"]
[Round "?"]
[White "Wang, Yue"]
[Black "Li, Shilong"]
[WhiteElo "2749"]
[BlackElo "2514"]
[Result "1/2-1/2"]

1. Nf3 Nf6 2. c4 g6 3. Nc3 Bg7 4. g3 O-O 5. Bg2 d5 6. cxd5 Nxd5 7. O-O c5 8. Qb3 Nc7 9. Qc4 Ne6 10. d3 Nc6 11. Be3 Ncd4 12. Bxd4 cxd4 13. Ne4 Qb6 14. Qb3 Bd7 15. Qa3 Rfe8 16. Nfd2 Qb5 17. Rac1 Bh6 18. f4 Bc6 19. Nc4 f5 20. Ned2 Bxg2 21. Kxg2 g5 22. fxg5 Bxg5 23. Rc2 Rec8 24. Nf3 Qd5 25. Qb3 b5 26. Na3 Qxb3 27. axb3 Rxc2 28. Nxc2 Bf6 29. Ra1 a5 30. Nb4 Nc5 31. Ra3 a4 32. bxa4 bxa4 33. Nd5 Rb8 34. Nxf6+ exf6 35. Nxd4 Rxb2 36. Kf3 Rb4 37. Nxf5 Nb3 38. Ke3 Kf7 39. Nd6+ Ke6 40. Ne4 Ke5 41. Nc3 Nc5 42. Ra2 f5 43. Ra1 h5 44. Ra2 h4 45. Ra1 Rg4 46. Kf3 Rb4 47. Ra3 Rg4 48. Nb5 Rb4 49. d4+ Kf6 50. dxc5 Rxb5 51. Rxa4 Rxc5 52. Kf4 Rc6 53. Rd4 Ra6 54. Rb4 Re6 55. e3 Ra6 56. Kf3 Kg5 57. Rb8 Ra4 58. Rb5 Rc4 59. Re5 Kf6 

1/2-1/2

[Event "16th Asian Games Team Men"]
[Site "?"]
[Date "2010.11.22"]
[Round "?"]
[White "Wang, Yue"]
[Black "Ghaem Maghami, Ehsan"]
[WhiteElo "2756"]
[BlackElo "2593"]
[Result "1/2-1/2"]

1. Nf3 Nf6 2. c4 e6 3. g3 d5 4. Bg2 dxc4 5. Qa4+ c6 6. Qxc4 b5 7. Qc2 Bb7 8. O-O Nbd7 9. a4 a6 10. Nc3 Rc8 11. Rd1 Qa5 12. d3 Be7 13. Bg5 Qc7 14. Rdc1 O-O 15. Qb3 Qb6 16. Be3 Qd8 17. Nd2 Ng4 18. axb5 axb5 19. Ba7 Nc5 20. Qd1 Ra8 21. Bxc5 Rxa1 22. Rxa1 Bxc5 23. Nce4 Bb6 24. h3 Nf6 25. Qb3 Nd5 26. Nf3 f5 27. Nc3 Qd6 28. d4 Qb4 29. Qxb4 Nxb4 30. e3 Nd3 31. Ng5 Rb8 32. Nxe6 Nxb2 33. Bf1 Ra8 34. Rb1 Na4 35. Nxa4 Rxa4 36. d5 Ra5 37. dxc6 Bxc6 38. Rd1 Ra2 39. Rc1 Bd7 40. Nc5 Bxc5 41. Rxc5 Kf8 42. Bxb5 Ra1+ 43. Kg2 Ra5 44. Bxd7 Rxc5 45. h4 Ke7 46. Ba4 Rc3 47. Bd1 Kd6 48. Kf3 Ke5 49. Ba4 g6 50. Be8 Ra3 51. Bf7 Ra7 52. Be8 Ra3 53. Bf7 Kf6 54. Be8 Ra2 55. Bc6 Ke5 56. Be8 Rd2 57. Bf7 Kf6 58. Be8 h6 59. Bc6 g5 60. hxg5+ hxg5 61. Kg2 Ke5 62. Kf1 Kd6 63. Bb7 Rc2 64. Ba6 

1/2-1/2

[Event "Chinese Championship"]
[Site "?"]
[Date "2011.04.03"]
[Round "?"]
[White "Wang, Yue"]
[Black "Li, Shilong"]
[WhiteElo "2734"]
[BlackElo "2520"]
[Result "1-0"]

1. Nf3 Nf6 2. c4 g6 3. b3 Bg7 4. Bb2 O-O 5. g3 c5 6. Bg2 d6 7. Nc3 e5 8. d3 Nc6 9. Nd2 Rb8 10. Nde4 Ne8 11. Nd5 Ne7 12. Nxe7+ Qxe7 13. Qd2 b5 14. cxb5 Rxb5 15. O-O Nc7 16. Rac1 Bb7 17. Rfe1 Rb6 18. e3 f5 19. Nc3 Bxg2 20. Kxg2 Qf7 21. f3 Rbb8 22. Rf1 Bh6 23. Rce1 Ne6 24. Qd1 Qb7 25. e4 Rbe8 26. Rf2 Bg5 27. Nd5 h5 28. Qc2 f4 29. Rh1 Rf7 30. Qc4 Kh7 31. Bc3 Rc8 32. a3 Bh6 33. a4 Qd7 34. Qb5 Qd8 35. Qa5 Qd7 36. Qb5 Qd8 37. Ba5 Qf8 38. Qc4 Qe8 39. Bc3 Qd7 40. Qb5 Qd8 41. Qc4 Qd7 42. Qb5 Qd8 43. Ba5 Qg5 44. Qa6 fxg3 45. hxg3 Rcf8 46. Qxd6 Nf4+ 47. Nxf4 exf4 48. Rh3 c4 49. Bb4 cxd3 50. Qxd3 Rd8 51. Qc4 Rfd7 52. Qe6 Bg7 53. g4 a5 54. Be1 Rd6 55. Qc4 Rd4 56. Qb5 Qxb5 57. axb5 Rb8 58. gxh5 g5 59. Rc2 Rxb5 60. Rc7 g4 61. fxg4 Rxe4 62. h6 f3+ 63. Kxf3 Rxb3+ 64. Kxe4 Rxh3 65. g5 

1-0